[Event "Sonnevanck 3rd"]
[Site "Wijk aan Zee"]
[Date "1993.??.??"]
[Round "9"]
[White "Rogers, Ian"]
[Black "Van Mil, Johan"]
[Result "1-0"]
[WhiteElo "2595"]
[BlackElo "2435"]
[Annotator "Ribli,Z"]
[PlyCount "107"]
[EventDate "1993.??.??"]
[EventType "tourn"]
[EventRounds "9"]
[EventCountry "NED"]
[EventCategory "10"]
[SourceTitle "CBM 040"]
[Source "ChessBase"]
[SourceDate "1994.06.01"]
[SourceVersion "1"]
[SourceVersionDate "1994.06.01"]
[SourceQuality "1"]

1. e4 c5 2. Nf3 e6 3. d4 cxd4 4. Nxd4 Nc6 5. Nc3 Qc7 6. Be2 a6 7. O-O Nf6 8.
Be3 Bb4 9. Na4 O-O (9... Be7 $5) 10. Nxc6 bxc6 11. c4 $5 Bd6 (11... Be7 12. Bf3
$1 $14 {Hazai}) 12. f4 $5 Nxe4 13. Bd3 Nf6 14. Bb6 (14. Nb6 $6 {Obukhov,
A-Tregubov,P/Sochi/1993/CBM38/}) 14... Qb8 15. Bd4 e5 $6 (15... Be7 16. c5 $5
$44 (16. Nb6 c5 $44 {Polgar,Zso-Horvath,Jo/Budapest Exp/1993/CBM37/})) 16. Bc3
$1 c5 $6 (16... exf4 $2 17. Bxf6 gxf6 18. Qg4+ Kh8 19. Qf5 $18) (16... e4 $2
17. Bxf6 exd3 18. Qg4 g6 19. c5 Bc7 20. Qg5 $18) (16... Re8 $5) 17. fxe5 Bxe5
18. Rxf6 $1 Bxf6 (18... gxf6 19. Qg4+ Kh8 20. Qf5 $18) 19. Bxf6 Qf4 (19... gxf6
20. Qg4+ Kh8 21. Qf5 $18) 20. Bc3 Bb7 21. Qd2 Qxd2 22. Bxd2 d6 23. Nb6 Rad8 24.
Bg5 f6 25. Bf4 Rfe8 26. b3 Be4 27. Bf1 g5 28. Bd2 Kg7 29. Rd1 (29. Ba5 $5)
29... d5 30. cxd5 Bxd5 31. Ba5 Bb7 32. Rc1 $1 Kg6 (32... Re5 33. Nc4 $18) 33.
Na4 Rd6 34. Nxc5 Bc8 35. a4 h5 36. b4 h4 37. h3 Re3 38. b5 axb5 39. axb5 Ra3
40. Bc7 Rd2 41. Ne4 $1 Rb2 42. Nd6 Be6 43. b6 Bd5 44. Nc4 $1 Bxc4 45. Bxc4 f5
46. Bd5 Rd3 47. Bf3 g4 48. hxg4 h3 49. b7 Rdb3 50. gxf5+ Kxf5 51. g4+ Kf6 52.
b8=Q Rxb8 53. Bxb8 Rxb8 54. Kf2 1-0

[Event "EU-Cup 18th"]
[Site "Kallithea"]
[Date "2002.09.28"]
[Round "7.4"]
[White "Mastrovasilis, Dimitrios"]
[Black "Teske, Henrik"]
[Result "1/2-1/2"]
[WhiteElo "2462"]
[BlackElo "2529"]
[Annotator "Ribli,Z"]
[PlyCount "72"]
[EventDate "2002.09.22"]
[EventType "team-swiss"]
[EventRounds "7"]
[EventCountry "GRE"]
[SourceTitle "CBM 092"]
[Source "ChessBase"]
[SourceDate "2003.02.06"]
[SourceVersion "1"]
[SourceVersionDate "2003.02.06"]
[SourceQuality "1"]
[WhiteTeam "Northern CA of DEI"]
[BlackTeam "Graz Merkur"]
[WhiteTeamCountry "GRE"]
[BlackTeamCountry "AUT"]

1. e4 c5 2. Nf3 Nc6 3. d4 cxd4 4. Nxd4 e6 5. Nc3 Qc7 6. Be2 a6 7. O-O Nf6 8.
Be3 Bb4 9. Na4 O-O {Dieser Zug war seinerzeit sehr popular, aber heutzutage
ist sehr selten gespielt. Der prinzipielle Nachteil des Zugs, dass frueher,
oder spaeter der b4B muss weg gehen, so die Rochade ist ein wenig zu frueh,
oder ueberfluessig.} 10. c4 {Dieser Bauernzug ist immer gefaehrlich fuer
Schwarz, besonders, wenn sein Laufer steht auf b4.} (10. Nxc6 bxc6 11. c4 (11.
Nb6 Rb8 12. Nxc8 Rfxc8 13. Bxa6 {Auf diese Weise Weiss kann einen Bauern
gewinnen, aber haengt der e4P und mit 14...Bd6 Schwarz kann den Bauern
zurueckgewinnen.})) 10... Nxe4 (10... Bd6) 11. Bf3 (11. c5 d5 12. Nb6 Rb8 13.
Nb3 d4 14. Bxd4 Rd8 15. Bd3 Nxd4 16. Bxe4 Qe5 17. Qg4 Nxb3 18. Bxh7+ Kxh7 19.
Qh4+ Kg6 20. Qxd8 Nxa1 21. Nxc8 Nc2 {0-1 Yurtaev,L-Graf,A/Tashkent 1987/EXT
2000 (27)}) (11. g3 d5 12. Nc2 Ba5 13. cxd5 Rd8 14. b4 Rxd5 15. Qc1 b5 16. bxa5
bxa4 17. Nb4 Bb7 18. Nxd5 exd5 19. Rb1 {1-0 Velimirovic,D-Ivanisevic,I/
Belgrade 1997/EXT 98 (41)}) 11... d5 {[%mdl 4] Interessant, dass dieser
natuerlicher Entwicklungszug war noch nie gespielt.} (11... f5 12. Bxe4 fxe4
13. c5 d6 14. Nxc6 bxc6 15. Qc2 $14 Bxc5 $8 16. Bxc5 dxc5 17. Nxc5 {[%csl Gc5]
[%cal Gc5a6,Gc5b7,Gc5d7,Gc5e6,Gc5e4] 1-0 Varavin,V-Ozolin,M/Perm 1997/CBM 58/
[Ribli] (66)}) (11... Nf6 12. c5 Ba5 13. Nb3 Qd8 14. Nxa5 Qxa5 15. Nb6 Rb8 16.
a3 Qb5 17. b4 Ne5 18. Qd6 Nxf3+ 19. gxf3 {1-0 Salai,L-Ciganikova,A/Prievidza
1998/EXT 99 (24)}) 12. c5 {[%csl Rb4] Dieser Zug gerichtet natuerlich gegen
den b4-Laufer. Ich glaube, dieser Zug waere auch moeglich nach dem
Springertausch auf c6.} (12. Nxc6 $5 bxc6 13. c5) {[#]} 12... Bd2 $5 $13 {
Ein sehr unerwartetes Motiv - natuerlich Schwarz muss sich von seinem
b4-Laufer befreien.} 13. Bxe4 {Nach 13.Bxd2 waere Schwarz zufrieden mit 13...
Nxd4.} (13. Nb6 Rb8 (13... Bxe3 14. fxe3 (14. Nxa8 $2 Nxf2 $17) 14... Rb8 $13)
14. Bxe4 Bxe3 $13) 13... Bxe3 14. fxe3 (14. Bxh7+ $5 {Auf diese Weise Weiss
kann den Bauern zurueckgewinnen.} Kxh7 15. fxe3 $14 e5 $2 16. Nb6 $16 {[%cal
Rb6a8,Rb6d5]}) 14... dxe4 15. Nxc6 (15. Nb6 Rb8) 15... bxc6 16. Qd6 $44 {
[%csl Yb6,Rc8,Yd6] Weiss hat fühlbaren positionellen Druck, besonders auf den
dunkelfarbigen Feldern. Der c8B hat keine Zukunft, aber es gibt nichts
Konkretes fuer Weiss, Schwarz kann seine Schwächen gut verteidigen.} Ra7 (16...
Qxd6 $2 17. cxd6 $16 {[%csl Gd6][%cal Ga4c5]}) 17. Rfd1 (17. Rad1 $44) (17. Nb6
$44) 17... a5 {[%cal Gc8a6,Ga6d3] Schwarz moechte endlich seinen Laufer nach
a6 entwickeln.} 18. Rd4 f5 19. Rad1 {[%cal Gd1d8]} e5 20. Qxc7 (20. R4d2 Ba6
21. Qe6+ Kh8 (21... Qf7 22. Qxe5 Re7 $132 (22... f4 $132)) 22. Rd7 $16) 20...
Rxc7 21. Rd8 {[%mdl 4096] Nach einigen Vereinfachungen haben wir ein Endspiel,
in dem Weiss ausreichende Kompensation fuer den Bauern hat - nicht weniger,
nicht mehr. Weiss kontrolliert stark die einzige offene Linie.} (21. Rd6 Ba6
$132) 21... Be6 22. b3 Bd5 $11 {[%csl Gd5] Der Läufer steht ausgezeichnet auf
d5 und unterbricht die Verbindung zwischen den zwei weissen Tuermen.} 23. Rd6 (
23. Rxf8+ Kxf8 24. Nb6 Ke7 (24... Be6 25. Rd8+ Ke7 26. Ra8 $36) 25. Nxd5+ (25.
Rxd5 cxd5 26. Nxd5+ Kd7 27. Nxc7 Kxc7 28. a3 Kc6 29. b4 g5 $11) 25... cxd5 26.
Rxd5 Ke6 27. Rd6+ Ke7 28. Rd5 $11) 23... Rf6 24. Rd8+ (24. Rxf6 gxf6 25. Nb6
Kf7 26. Nxd5 cxd5 27. Rxd5 Ke6 28. Rd6+ Ke7 29. Rd5 $11) 24... Rf8 25. Rd6 Rf6
26. Nb6 {Weiss ist nicht zufrieden mit der Zugwiederholung und bringt den
Springer ins Spiel.} Be6 (26... Rxd6 $2 27. cxd6 Rf7 28. d7 Rf8 29. Nxd5 cxd5
30. Rc1 $18 {[%cal Rc1c8,Rc8g8]}) 27. Na8 Ra7 (27... Rc8 28. Nb6 (28. Rd8+ $2
Rxd8 (28... Rf8 29. Rxc8 Rxc8 30. Nb6 Rc7 31. Rd8+ Kf7 32. Ra8 $36) 29. Rxd8+
Rf8 30. Rd6 Bd5 31. Nb6 Rf6 32. Rd8+ Rf8 $11) 28... Rc7 $11) 28. Nb6 Rc7 29.
Na8 Ra7 30. Nb6 Rc7 {Statt dieses Zuges konnte Schwarz die dreimalige
Spiegelbildstellung reklamieren - dieselbe Stellung haben wir jetzt (30.Zug),
im 28, und im 26.Zug.} 31. Nd7 Bxd7 32. Rxd7 Rxd7 (32... Rf7 33. Rd8+ (33. Rxc7
Rxc7 34. Rd8+ Kf7 35. Ra8 Ke6 36. Rxa5 Kd5 $15 {[%csl Gd5]}) 33... Rf8 $11) 33.
Rxd7 Rf7 {Schwarz erreicht das Remis einfach - er spielt immer auf Turmtausch,
so Weiss kann nichts machen.} 34. Rd8+ Rf8 35. Rd6 Rf6 36. Rd7 Rf7 1/2-1/2

[Event "Donetzk zt"]
[Site "Donetsk"]
[Date "1998.11.09"]
[Round "7"]
[White "Onischuk, Alexander"]
[Black "Brodsky, Michail"]
[Result "1-0"]
[WhiteElo "2630"]
[BlackElo "2525"]
[Annotator "Ribli,Z"]
[PlyCount "119"]
[EventDate "1998.11.02"]
[EventType "swiss"]
[EventRounds "11"]
[EventCountry "UKR"]
[SourceTitle "CBM 068"]
[Source "ChessBase"]
[SourceDate "1999.02.01"]
[SourceVersion "1"]
[SourceVersionDate "1999.02.01"]
[SourceQuality "1"]

1. e4 c5 2. Nf3 Nc6 3. d4 cxd4 4. Nxd4 e6 5. Nc3 Qc7 6. Be2 {Das ist die
klassische Variante. Weiß spielt nicht auf direkten Angriff, wie z.B. in der
Variante 6.f4 oder in der 6.Be3 / 7.Bd3-Variante, sondern beendet seine
Entwicklung mit geduldigen Zügen. Ribli.} a6 7. Be3 Nf6 8. O-O Bb4 {Das ist
die prinzipielle Antwort. Schwarz nutzt den Umstand, daß der Zug ...d7-d6
nicht gespielt ist.} (8... d6 {Diese Fortsetzung führt zur Scheveninger
Variante.}) 9. Na4 Be7 {Der schwarze Läufer steht nicht mehr gut auf b4, und
jetzt hängt der Bauer e4. Ihn sofort zu nehmen wäre schlecht wegen: 9...Nxe4
10.Nxc6 bxc6 11.Qd4 und alles hängt.} (9... O-O {Das ist die andere
Hauptvariante, aber in der letzten Zeit der Textzug ist populärer.}) 10. Nxc6
bxc6 11. Nb6 Rb8 12. Nxc8 Qxc8 13. Bd4 $5 {[%csl Gd4] Eine selten gespielte
Fortsetzung. Weiß hat den Plan, mit b2-b3 und Bd4-b2 den Läufer in Sicherheit
zu bringen.} (13. e5 Nd5 14. Bc1 Bc5 15. c4 Ne7 16. b3 {Das ist die
traditionelle Hauptvariante. Weiß besitzt das Läuferpaar, aber die Stellung
hat einen geschlossenen Charakter. Der c5-Läufer steht ausgezeichnet. In
letzterZeit war Schwarz in dieser Variante recht erfolgreich.}) 13... c5 {[#]}
(13... Nxe4 $5 {Auf den ersten Blick scheint dieser Zug schlecht, kommt aber
meines Erachtens in Betracht.} 14. Bxg7 (14. Qd3 d5 15. Qxa6 Qxa6 16. Bxa6 Bf6
$11) 14... Rg8 $13) 14. Be5 Rb6 15. b3 (15. Qd3 O-O 16. c4 d6 17. Bc3 Nd7 18.
Rab1 Bf6 19. Ba5 Rxb2 20. Rxb2 Bxb2 21. Qxd6 Be5 22. Qd3 Bd4 {0-1 Bremond,
E-Andrijevic,M/Cannes 1989/TD (39)}) 15... O-O (15... Nxe4 $5 16. Bxg7 Rg8 17.
Bb2 Bf6 18. Bxf6 Nxf6 19. Bf3 Qc7 $11 {Weiß hat die etwas bessere
Bauernstruktur, aber Schwarz eine gut verteidigungsfähige Stellung.} 20. Re1
Qf4 21. Qe2 Rg5 22. Rad1 h5 23. Rd3 Ng4 24. g3 Qc7 25. Qd2 {1-0 Thipsay,P-Al
Modiahki,M/Tehran 1998/EXT 99 (46)}) 16. Bd3 {Der Bauer auf g7 hängt nicht
mehr im Falle von ...Nxe4, daher muß Weiß seinen Zentrumsbauern verteidigen.}
Rd8 $6 {Prinzipiell ist dieser Zug nicht schlecht, denn Schwarz kann eventuell
...d7-d5 ziehen, aber Weiß weist mit einem taktischen Motiv nach, daß der
schwarze Turm auf d8 unglücklich steht.} (16... d6 $5 17. Bb2 Nd7 18. f4 Bf6
19. Bxf6 Nxf6 20. Qe2 e5 21. fxe5 dxe5 22. Bc4 Rd6 23. Rf5 Re8 24. Raf1 Re7 25.
g4 Rdd7 26. g5 Ne8 27. Bxa6 Qd8 28. Bd3 g6 29. R5f2 Ng7 {1/2-1/2 Dolmatov,
S-Tunik,G/St. Petersburg 1998/CBM 67 noVC (63)}) 17. Bc3 $1 {[%csl Rd8][%cal
Rc3a5,Ra5d8]} Re8 18. Ba5 $14 {[%csl Ga5]} Rb8 19. Qe2 {[%cal Re2a6] Dank
seines schlechten 16.Zuges hängt jetzt der a-Bauer des Schwarzen.} Qc6 20. e5 (
20. Bxa6 Nxe4 $13) (20. f3 $2 c4 $19 {[%cal Rc5g1,Rc4d3,Rc6c5,Rc5a5]}) 20...
Nd5 21. Qe4 {[%cal Rd3h7]} g6 22. a3 {Die schwarze Drohung war 22...Nb4.} Bf8
23. Rad1 {[%csl Ga5,Gd3,Ge4] Weiß entwickelt die Türme und möchte Bc4 spielen,
wonach der d7-Bauer schwach wird.} Bg7 24. Rfe1 d6 $5 (24... f5 25. exf6 Bxf6
26. Bc4 $16 {[%cal Gd1d7]}) 25. exd6 Qxd6 26. Bc4 {[%csl Ga5,Gc4,Gd1,Ge4][%cal
Gd1d6]} Bd4 $8 27. g3 $6 {Das sofortige 27.c3 scheint mir zielstrebiger.} (27.
c3 $5 Bf6 (27... Bg7 $2 28. Bxd5 exd5 29. Qxe8+ Rxe8 30. Rxe8+ Bf8 31. Rd8 Qe6
32. R8xd5 $16) 28. Qf3 $36 (28. Qc2)) 27... Qc6 28. Qd3 {[%cal Rd3a6]} Ra8 29.
a4 {Weiß verbessert seine Bauernstellung am Damenflügel. Das weiße Läuferpaar
steht besonders aktiv und lähmt die schwarze Stellung.} Ne7 30. Qe2 (30. c3)
30... Nf5 31. c3 Bg7 32. Qc2 (32. Qe4 Ne7 $14 33. Qxc6 $2 Nxc6 {[%cal Rc6a5]}
34. Bb6 Bxc3 $17) 32... Rab8 33. Bf1 {[%csl Gf1] Der weißfeldrige Läufer
spielt eine Hauptrolle im Konzept des Anziehenden. Er kontrolliert von f1 aus
den Damenflügel.} Qb7 34. Rb1 {[%cal Gb3b4] Weiß hat die Bauernmehrheit am
Damenflügel und möchte sie mit b3-b4 mobilisieren.} Ne7 35. b4 cxb4 36. Bxb4 $5
{[%cal Gb1b8,Rb4d6]} (36. Rxb4 Qa7 $14) (36. cxb4 Nc6 {[%cal Rc6a5] Jetzt
steht der Läufer unglücklich auf a5.} 37. Bg2 {[%cal Rg2b7]} Rec8 38. Qd3 Qa7 {
[%cal Rc6a5]} 39. Bxc6 Rxc6 40. b5 axb5 41. axb5 Rcc8 $14 {Dank seines
Freibauern steht Weiß etwas besser.}) 36... Qc6 37. c4 {Wenn wir nur die
Bauernstruktur betrachten, ist der weiße c-Bauer schwach, aber unterstützt von
Läuferpaar ist er sehr gefährlich.} Qc7 (37... Nd5 {[%cal Gc6c2]} 38. Bd2 Rxb1
39. Rxb1 Rc8 40. a5 $14) (37... Nf5 38. Bg2 Qc7 39. c5 $14) 38. c5 Nd5 39. Bd2
{[%csl Gc5,Gd2,Gd5,Gf1] Der weiße c-Bauer ist nicht das einzige Problem für
Schwarz. Weiß kann sich den a6-Bauern holen und sein Bauer a4 wird stark.} Qc6
40. Qc4 {[%csl Ra6][%cal Rf1a6]} Bf8 (40... Nc7 41. Be3 {[%cal Rb1b6]} Rxb1 42.
Rxb1 $14) 41. Qxa6 Qxc5 (41... Qxa6 42. Bxa6 Bxc5 43. a5 $16 {[%csl Ga5] Der
entfernte weiße Freibauer ist sehr stark.}) 42. Qc4 Qa7 {Es ist interessant:
Mit Damen auf dem Brett kann sich Schwarz besser verteidigen.} 43. a5 {[%csl
Ga5]} Rec8 44. Qa6 Qd4 (44... Qxa6 45. Bxa6 $16) 45. Qd3 Qa7 46. Rxb8 Rxb8 {
[%cal Gb8b1]} 47. Rb1 {Weiß muß den aktiven schwarzen Turm tauschen.} Nb4 $2 {
Dieser scheinbar aktive Zug hilft Weiß. In Wirklichkeit steht der Springer auf
b4 schlecht.} (47... Rxb1 48. Qxb1 Bc5 {[%cal Ra7g1]} 49. Be1 $14 (49. Qe1 $14)
) 48. Qa3 {[%csl Rb4]} Qd4 (48... Nc6 49. Rxb8 Qxb8 50. Qe3 $16 {[%csl Ga5,Gd2,
Gf1]} (50. Qc3 Bb4 51. Qxc6 Bxd2 52. a6 Ba5 $14 {Schwarz kann den Freibauern
schwarzfeldrig blockieren.})) (48... Nc2 49. Qc1 (49. Rxb8 $4 {[%cal Gb8g8]}
Nxa3 $4 $19) 49... Rxb1 50. Qxb1 Nd4 51. Qe4 $16) 49. Be3 Qe4 50. Qb3 {[%cal
Gb1b8] Die Fesselung ist unangenehm für Schwarz.} Qf5 (50... Nc6 51. Qxb8 Nxb8
52. Rxb8 $18 {[%csl Ga5,Gb8][%cal Ra5a6,Ra6a7,Ra7a8,Rc5f8,Re3c5]}) 51. Ra1 Bc5
{Schwarz tauscht einen Läufer, aber der andere bleibt stark auf f1.} (51... Nc6
52. Qa4 Bg7 53. Rc1 $16 {[%csl Rc6]} Nxa5 $2 54. Rc5 {[%cal Rc5f5,Rc5a5]}) 52.
Bxc5 Qxc5 53. Qa3 {[%csl Ga5][%cal Ga3c5]} Qd4 {[%cal Rb4c2,Rc2a1,Rc2a3]} 54.
Rb1 {Die Fesselung in der b-Linie scheint für Schwarz gefährlich, aber in
Wirklichkeit droht nichts, denn 55.a6 ist nicht gut wegen 55...Nxa6.} (54. Rc1
$5) 54... e5 55. Rc1 $16 {[%csl Ga3,Ga5,Rb4,Gc1,Gf1] Der a5-Bauer ist stark
mit Unterstützung der aktiven weißen Figuren.} (55. a6 $2 Nxa6 56. Rxb8+ Nxb8
$15) 55... Qa7 56. a6 e4 (56... Kg7 57. Qa5 $18 {[%cal Ra5e5,Rc1c7]}) 57. Rb1
$1 {Wegen der schlechten Damenstellung auf a7 ist dieser Zug sehr stark.} Nc6 (
57... Nxa6 58. Rxb8+ $18 {[%cal Ga3a7]}) 58. Rxb8+ Nxb8 (58... Qxb8 59. Qa4 $16
{[%cal Ra4c6,Ra4e4]}) 59. Bb5 $18 {[%csl Rb8] Jetzt ist der schwarze Springer
gefangen. Weiß hat eine Gewinnstellung.} Kg7 60. Qe3 (60. Qe3 Qa8 (60... Qxe3
61. fxe3 {[%csl Rb8][%cal Ra6a7,Ra7a8,Ra7b8]} Nxa6 62. Bxa6 $18) 61. a7 Nc6 62.
Qc3+ $18) 1-0

[Event "Penta Media GM"]
[Site "Kelamabakkam"]
[Date "2000.08.23"]
[Round "9"]
[White "Barua, Dibyendu"]
[Black "Ganguly, Surya Shekhar"]
[Result "1-0"]
[WhiteElo "2502"]
[BlackElo "2498"]
[Annotator "Ribli,Z"]
[PlyCount "123"]
[EventDate "2000.08.14"]
[EventType "tourn"]
[EventRounds "12"]
[EventCountry "IND"]
[EventCategory "11"]
[SourceTitle "CBM 079"]
[Source "ChessBase"]
[SourceDate "2000.11.21"]
[SourceVersion "1"]
[SourceVersionDate "2000.11.21"]
[SourceQuality "1"]

1. e4 c5 2. Nf3 e6 3. d4 cxd4 4. Nxd4 Nc6 5. Nc3 Qc7 6. Be2 a6 7. O-O Nf6 8.
Be3 Bb4 {Dieser Zug ist heutzutage wieder populär, Schwarz kann aber auch 8...
Be7 oder 8...d6 spielen.} 9. Na4 Be7 {Das scheint die beste Fortsetzung für
Schwarz zu sein. Nach dem Springerzug ist der Läufer überflüssig auf b4,
deshalb sollte er sich zurückziehen.} 10. Nxc6 (10. c4 $5 {Dieser Zug - im
Prinzip ist es ein Bauernopfer, das Schwarz mit 10...Nxe4 beantworten sollte -
ist die andere Hauptfortsetzung für Weiß.}) 10... bxc6 11. Nb6 Rb8 12. Nxc8
Qxc8 13. e5 {Viele Jahre lang galt dieser Zug als die Hauptfortsetzung -
heutzutage ist er ein seltener Gast in der Turnierpraxis, denn man bevorzugt
nunmehr 13.Bd4.} Nd5 14. Bc1 Bc5 {[%csl Gc5][%cal Gc5g1] Der Läufer besetzt
eine wichtige Diagonale und räumt das Feld e7 für den Springer.} 15. c4 Ne7 16.
b3 Qc7 17. Bb2 Ng6 (17... O-O) (17... d6) 18. Qd3 (18. Qd2 O-O {1/2-1/2
Arzumanian,G-Cherevatenko,R/Kharkov 1999/EXT 2000 (18)}) 18... O-O (18... a5
19. Qe4 (19. Bd1 d6 20. exd6 Bxd6 21. g3 Be5 22. Bxe5 Nxe5 23. Qc3 O-O 24. Re1
Nd7 25. Bf3 c5 26. Rad1 Rfd8 27. Rd2 Nf6 {1/2-1/2 Yemelin,V-Landa,K/Sochi 1992/
EXT 97 (31)}) 19... a4 20. Bd1 axb3 21. axb3 O-O 22. Bc2 $14) (18... Nxe5 $2
19. Qg3 Bd6 $2 20. c5 $18) 19. Qe4 (19. Qg3 f6 20. exf6 Qxg3 21. hxg3 gxf6 22.
Rad1 Rbd8 23. Bc3 d5 24. cxd5 cxd5 25. b4 Bd6 26. Bxa6 Rb8 27. b5 Ne5 28. a4
Nc4 29. a5 Kf7 30. b6 Nxa5 31. Rb1 Nb7 32. Rbc1 Nc5 33. Be2 Rbc8 34. Bd4 Ke7 {
1/2-1/2 Mamedov,R-Sulashvili,G/Baku 1999/EXT 2000 (34)}) 19... d6 (19... f5 20.
exf6 gxf6 21. Rad1 f5 22. Qd3 $14) 20. exd6 Bxd6 21. g3 Rfd8 (21... c5 22. Rfd1
(22. f4 $5 $14) 22... Rbd8 23. Qe3 Be5 24. Bxe5 Qxe5 25. Qxe5 Nxe5 26. Rxd8
Rxd8 27. Rd1 Rxd1+ 28. Bxd1 a5 $10 {Moutousis,K-Marjanovic,S/Vrnjacka Banja/
1990/}) (21... Be5 22. Bxe5 Qxe5 23. Qxe5 Nxe5 24. c5 $16) 22. Rad1 (22. Rfd1
a5 (22... Bc5 23. Rxd8+ Rxd8 24. Rd1 Rxd1+ 25. Bxd1 Qb6 26. Qe2 Bd4 $10) 23.
Bh5 a4 24. Bxg6 hxg6 25. Rd3 c5 {1/2-1/2 Illescas Cordoba,M-Lautier,J/
Salamanca 1998/EXT 99 (39)}) 22... Qa5 (22... c5 23. f4 $14) 23. Qxc6 (23. Qb1
Be5 $11) 23... Qxa2 (23... Rb6 $2 24. Bc3 $18) (23... Rbc8 $6 24. Qa4 Qxa4 25.
bxa4 $16) (23... Ne7 24. Qe4 Qxa2 25. Bxg7 Kxg7 26. Rxd6 $16 {[%csl Rg7]}) 24.
Rxd6 Qxb2 25. Rxd8+ $146 (25. Rfd1 Rf8 (25... Rdc8 26. Qe4 Qxb3 27. Rxa6 $10)
26. Qe4 Qxb3 27. Rxa6 Qc3 28. h4 Rb2 29. Rad6 Qc2 30. Qxc2 Rxc2 31. Kf1 {
1/2-1/2 Kamsky,G-Illescas Cordoba,M/Madrid 1994/CBM 41/}) 25... Rxd8 26. Qb6
Rd2 $11 {[%mdl 2048] Bis jetzt war das praktisch alles noch Theorie - nun
gleiben nur noch ein paar Figuren auf dem Brett. Schwarz hat Gegenspiel auf
der zweiten Reihe, Weiß hingegen verfügt über gefährliche Bauern am
Damenflügel.} 27. Rd1 h6 (27... Rxd1+ 28. Bxd1 Qd2 29. Bf3 a5 30. h4 $14) (
27... Rxe2 $2 28. Rd8+ Nf8 29. Rxf8+ Kxf8 30. Qd8#) 28. Rxd2 Qxd2 29. Bf3 Qc3 {
[%csl Gc3] Gewöhnlich ist der Läufer aufgrund seiner größeren Reichweite
stärker als der Springer, wenn es Bauern auf beiden Flügeln gibt. In unserer
konkrete Stellung kann Schwarz diesen Nachteil jedoch mit seiner aktiven Dame
kompensieren.} 30. Kg2 Ne5 31. Be4 g5 {[%cal Gg5g4] Schwarz mobilisiert seine
Mehrheit am Königsflügel, seine positionelle Drohung ist g5-g4 mit Raumgewinn.}
32. h3 Kg7 33. Qd6 (33. Qxa6 Qxb3 $11) 33... g4 $1 {Schwarz muss am
Königsflügel Gegenspiel aufziehen, sonst rückt einfach der weiße c- Bauer vor.}
(33... a5 34. c5 h5 35. c6 $18) 34. hxg4 (34. h4 a5 35. c5 Nf3 {[%csl Gf3]} 36.
c6 Nd2 37. Qd3 Qc1 38. c7 Nf3 39. Bxf3 gxf3+ 40. Kxf3 Qxc7 $11) 34... Nxg4 35.
Bf3 (35. c5 Qe1 (35... Qb2 36. Qf4 Nf6 37. c6 $16) 36. Qf4 Nxf2 $11) 35... Ne5
36. Be2 Qb2 (36... a5 37. f4 Ng6 38. Qd3 $14) 37. Bh5 $14 {Weiß hat die etwas
besseren Aussichten, denn er hat einen gefährlichen Freibauern, und die
schwarze Königsstellung ist geschwächt.} (37. Bd1) 37... Kf6 38. Qf8 {[%csl
Rf6][%cal Rf8h6,Gf8h8,Gh8e5][%mdl 128]} Qxb3 39. Qxh6+ (39. Qh8+ Kf5 40. Qxh6
Qxc4 $11) 39... Ke7 40. Qg5+ Kd6 (40... f6 41. Qg7+ Kd6 42. Qf8+ Kc7 43. Qxf6
$16) 41. Qd8+ (41. c5+ Kd5 42. f4 f6 (42... Qc2+ 43. Kh3 f6 44. Qxf6 $18) 43.
Qxf6 Nd3 44. Qg5+ Kd4 (44... Kc4 45. Be2 $18) 45. Be2 $16) 41... Kc5 42. Qc7+
Kd4 $2 (42... Nc6 $1 43. Bf3 (43. Qxf7 Qxc4 $11) (43. Bxf7 Qxc4 44. Be8 Qd5+
$11) 43... Qb6 44. Qxf7 Nd4 $132) 43. Qd6+ Ke4 44. f3+ $16 Kf5 45. g4+ Kf6 46.
g5+ (46. Qd8+ Kg7 47. Qg5+ Ng6 48. Bxg6 fxg6 49. Qe7+ Kh6 50. Qxe6 $16) 46...
Kf5 47. Qe7 {[%cal Re7f6,Rf6f5]} Qb2+ {Mit Hilfe dieses Schachs möchte Schwarz
die Kontrolle über das Feld f6 bekommen.} 48. Kg3 {Der schwarze König befindet
sich in Mattnetz.} Nxc4 49. Qxf7+ Ke5 (49... Kxg5 $4 50. Qg6#) 50. Bg4 $2 {
[%csl Re6][%cal Rf7e6]} (50. Qg7+ $1 {Mit diesem Zug konnte Weiß sofort
gewinnen.} Kd5 (50... Kd6 51. Qxb2 Nxb2 52. g6 Ke7 53. g7 $18 {[%cal Gh5e8]}) (
50... Kf5 51. Bg4#) 51. Qxb2 Nxb2 52. g6 $18) 50... Qb6 51. Qf4+ Kd5 52. Qe4+
Kc5 53. Bxe6 {Weiß hat zwei verbundene Freibauern, er muss die Partie gewinnen.
} Qd6+ 54. f4 Nd2 55. Qe5+ Kc6 (55... Qxe5 56. fxe5 {[%cal Rg5g6]} Ne4+ 57. Kf4
$18) 56. Qc3+ (56. Kg4 $18) 56... Kb6 57. Qe3+ Kc7 58. Kg4 Kd8 59. g6 $18 {
Der weiße g-Bauer entscheidet die Partie.} Nf1 60. Qb3 Qd2 61. g7 Qg2+ 62. Kf5
(62. Kf5 Ng3+ 63. Kg6 Ne4+ 64. Kf7 $18) 1-0